Soil mapping by color aerial photography /

Guardado en:
Autor Principal: Simakova, M. S.
Autor Corporativo: Pochvennyĭ institut imeni V.V. Dokuchaeva.
Formato: Libro
Idioma:English
Publicado: Jerusalem : Israel Program for Scientific Translations, 1964.
Etiquetas: Agregar Etiqueta
Sin Etiquetas, Sea el primero en etiquetar este registro!
LEADER 00712nam a22001695a 4500
001 EEA.libagro002142
008 130809s1964####is#a#####b####000#0#eng#d
005 20191029102755.0
245 1 0 |a Soil mapping by color aerial photography /  |c M. S. Simakova. 
260 |a Jerusalem :  |b Israel Program for Scientific Translations,  |c 1964. 
300 |a 81 p., [1 hoja pleg.] :  |b il. (algunas col.), 2 mapas pleg. ;  |c 24 cm. 
500 |a En la cabecera del título: Academy of Sciences of the U.S.S.R. Dokuchaev Soil Institute. 
504 |a Bibliografía: p. 73-80. 
100 1 |a Simakova, M. S. 
710 2 |a Pochvennyĭ institut imeni V.V. Dokuchaeva. 
082 0 4 |a 778.35 
859 |a AR-BbBCA  |b BIB. AGRONOMIA  |h 778.35  |i S588  |p 1974/0096